书目信息 |
| 题名: |
电子产品生产与管理
|
|
| 作者: | 郑发泰 主编 | |
| 分册: | ||
| 出版信息: | 北京 电子工业出版社 2016 |
|
| 页数: | 184页 | |
| 开本: | 26cm | |
| 丛书名: | ||
| 单 册: | ||
| 中图分类: | TN05 | |
| 科图分类: | ||
| 主题词: | 电子产品--生产工艺--高等职业教育--教材 | |
| 电子资源: | ||
| ISBN: | 978-7-121-29433-4 | |
| 000 | 00954nam0 2200241 450 | |
| 001 | 2334665268 | |
| 005 | 20231129105221.84 | |
| 010 | @a978-7-121-29433-4@dCNY32.00 | |
| 100 | @a20181129d2016 em y0chiy50 ea | |
| 101 | 0 | @achi |
| 102 | @aCN@b110000 | |
| 105 | @aa z 000yy | |
| 200 | 1 | @a电子产品生产与管理@Adian zi chan pin sheng chan yu guan li@f郑发泰主编 |
| 205 | @a2版 | |
| 210 | @a北京@c电子工业出版社@d2016 | |
| 215 | @a184页@c图@d26cm | |
| 300 | @a“十二五”职业教育国家规划教材 全国高等职业教育应用型人才培养规划教材 | |
| 330 | @a本书共分为五个项目,内容覆盖了元器件的认知与检验、印制电路板的绘制、印制电路板的制作、元器件的预成型、电烙铁的使用、印制电路板的组装、印制电路板的焊接检查与拆焊、导线加工、电子产品安装、电子产品技术文件的编写等。 | |
| 606 | 0 | @a电子产品@x生产工艺@x高等职业教育@j教材 |
| 690 | @aTN05@v5 | |
| 701 | 0 | @a郑发泰@Azheng fa tai@c(电子测量)@4主编 |
| 801 | 0 | @aCN@b山东中教@c20231126 |
| 905 | @aBZT@dTN05@e8=2 | |
| 电子产品生产与管理/郑发泰主编.-2版.-北京:电子工业出版社,2016 |
| 184页:图;26cm |
| “十二五”职业教育国家规划教材 全国高等职业教育应用型人才培养规划教材 |
| ISBN 978-7-121-29433-4:CNY32.00 |
| 本书共分为五个项目,内容覆盖了元器件的认知与检验、印制电路板的绘制、印制电路板的制作、元器件的预成型、电烙铁的使用、印制电路板的组装、印制电路板的焊接检查与拆焊、导线加工、电子产品安装、电子产品技术文件的编写等。 |
| ● |
| 相关链接 |
|
|
|
正题名:电子产品生产与管理
索取号:TN05/8=2
 
预约/预借
| 序号 | 登录号 | 条形码 | 馆藏地/架位号 | 状态 | 备注 |
| 1 | 2001143322 | 2001143322 | 中教(第二批第二书库)/山东中教(第二书库)/614/ [索取号:TN05/8=2] | 在馆 | |
| 2 | 2001143323 | 2001143323 | 中教(第二批第二书库)/山东中教(第二书库)/614/ [索取号:TN05/8=2] | 在馆 | |
| 3 | 2001143324 | 2001143324 | 中教(第二批第二书库)/山东中教(第二书库)/614/ [索取号:TN05/8=2] | 在馆 | |
| 4 | 2001143325 | 2001143325 | 中教(第二批第二书库)/山东中教(第二书库)/614/ [索取号:TN05/8=2] | 在馆 | |
| 5 | 2001143326 | 2001143326 | 中教(第二批第二书库)/山东中教(第二书库)/614/ [索取号:TN05/8=2] | 在馆 | |
| 6 | 2001143327 | 2001143327 | 中教(第二批第二书库)/山东中教(第二书库)/614/ [索取号:TN05/8=2] | 在馆 | |
| 7 | 2001143328 | 2001143328 | 中教(第二批第二书库)/山东中教(第二书库)/614/ [索取号:TN05/8=2] | 在馆 | |
| 8 | 2001143329 | 2001143329 | 中教(第二批第二书库)/山东中教(第二书库)/614/ [索取号:TN05/8=2] | 在馆 | |
| 9 | 2001143330 | 2001143330 | 中教(第二批第二书库)/山东中教(第二书库)/614/ [索取号:TN05/8=2] | 在馆 | |
| 10 | 2001143331 | 2001143331 | 中教(第二批第二书库)/山东中教(第二书库)/614/ [索取号:TN05/8=2] | 在馆 | |
| 11 | 2001189674 | 2001189674 | 中教(第二批第二书库)/山东中教(第二批)/1911/ [索取号:TN05/8=2] | 在馆 | |
| 12 | 2001189675 | 2001189675 | 中教(第二批第二书库)/山东中教(第二批)/1911/ [索取号:TN05/8=2] | 在馆 | |
| 13 | 2001189676 | 2001189676 | 中教(第二批第二书库)/山东中教(第二批)/1911/ [索取号:TN05/8=2] | 在馆 | |
| 14 | 2001189677 | 2001189677 | 中教(第二批第二书库)/山东中教(第二批)/1911/ [索取号:TN05/8=2] | 在馆 | |
| 15 | 2001189678 | 2001189678 | 中教(第二批第二书库)/山东中教(第二批)/1911/ [索取号:TN05/8=2] | 在馆 | |
| 16 | 2001189679 | 2001189679 | 中教(第二批第二书库)/山东中教(第二批)/1911/ [索取号:TN05/8=2] | 在馆 | |
| 17 | 2001189680 | 2001189680 | 中教(第二批第二书库)/山东中教(第二批)/1911/ [索取号:TN05/8=2] | 在馆 | |
| 18 | 2001189681 | 2001189681 | 中教(第二批第二书库)/山东中教(第二批)/1911/ [索取号:TN05/8=2] | 在馆 | |
| 19 | 2001189682 | 2001189682 | 中教(第二批第二书库)/山东中教(第二批)/1911/ [索取号:TN05/8=2] | 在馆 | |
| 20 | 2001189683 | 2001189683 | 中教(第二批第二书库)/山东中教(第二批)/1911/ [索取号:TN05/8=2] | 在馆 |